| 000 | 00789cam a2200265 i 4500 | ||
|---|---|---|---|
| 001 | 50900 | ||
| 003 | Mx-PuUPA | ||
| 005 | 20250117131402.0 | ||
| 008 | 140415s1992 mx gr 000 0 spa d | ||
| 020 | _a9686056742 | ||
| 040 |
_aMx-PuUPA _bspa _cMx-PuUPA _dMx-PuUPA _erda |
||
| 041 | 0 | _aspa | |
| 110 | 2 |
_aCatholic Church, _913637 |
|
| 245 | 1 | 0 |
_aCatecismo de la Iglesia Católica / _cCatholic Church |
| 250 | _aSegunda edición | ||
| 264 | 1 |
_aMéxico : _bObra Nacional de la Buena Prensa, _c[1992] |
|
| 300 |
_a782 páginas ; _c20 cm |
||
| 336 |
_2rdacontent _atexto _btxt |
||
| 337 |
_2rdamedia _asin medio _bn |
||
| 338 |
_2rdacarrier _avolumen _bnc |
||
| 650 | 7 |
_2armarc _aCatecismos |
|
| 942 |
_2ddc _cLI _h238 _iC35 |
||
| 999 |
_c50900 _d50900 |
||